| 000 | 00610nam a2200193Ia 4500 | ||
|---|---|---|---|
| 003 | IN-BaIIA | ||
| 008 | 211028s9999 xx 000 0 eng d | ||
| 040 | _cIIA Library | ||
| 080 |
_a621.316.56 _bVIN |
||
| 100 |
_aVinal, George Wood _93322 |
||
| 245 | 0 |
_aStorage batteries _ba general treatise on the physics of chemistry of secondary batteries of their engineering application _cVinal, G. W. |
|
| 250 | _a4th ed. | ||
| 260 |
_aNew York _bJohn Wiley & Sons _c1955 |
||
| 300 | _axi, 446p. | ||
| 650 | _aNASA Thesaurus | ||
| 650 |
_aPrimary Bateries _93323 |
||
| 650 |
_aStorage Batteries _91767 |
||
| 942 | _cBK | ||
| 999 |
_c1679 _d1679 |
||